000 00316nam a2200133 4500
999 _c11601
_d11601
003 OSt
005 20230531194605.0
008 230531b ||||| |||| 00| 0 eng d
100 _aWalter bor
245 _aWalter bor the making of cities
260 _aLondon
_bLeonard hill book
300 _a256p.;
942 _2ddc